El secreto de la vida cristiana feliz / (Registro nro. 885)

Detalles MARC
000 -LEADER
campo de control de longitud fija 02419cam a22004934i 4500
003 - IDENTIFICADOR DE NÚMERO DE CONTROL
campo de control PE-LiUPU
005 - FECHA Y HORA DE LA ÚLTIMA TRANSACCIÓN
campo de control 20250731172717.0
008 - DATOS DE LONGITUD FIJA--INFORMACIÓN GENERAL
campo de control de longitud fija 150617s r 000 0 d
035 ## - NÚMERO DE CONTROL DEL SISTEMA
Número de control de sistema (Sirsi) a10800
040 ## - FUENTE DE CATALOGACIÓN
Centro catalogador/agencia de origen PE-LiUPU
Lengua de catalogación spa
Centro/agencia transcriptor PE-LiUPU
Normas de descripción rda
049 ## - FONDOS LOCALES (OCLC)
Biblioteca depositaria PRUA
082 04 - NÚMERO DE LA CLASIFICACIÓN DECIMAL DEWEY
Número de clasificación 240
Cutter S61
Número de edición 21
100 1# - ENTRADA PRINCIPAL--NOMBRE DE PERSONA
Nombre de persona Whitall Smith, Hanna,
Término indicativo de función/relación autor.
245 13 - MENCIÓN DEL TÍTULO
Título El secreto de la vida cristiana feliz /
Mención de responsabilidad, etc. Hanna Whitall Smith.
264 #1 - PRODUCCIÓN, PUBLICACIÓN, DISTRIBUCIÓN, FABRICACIÓN Y COPYRIGHT
Producción, publicación, distribución, fabricación y copyright Guatemala :
Nombre del de productor, editor, distribuidor, fabricante Casa Nazarena de Publicaciones,
Fecha de producción, publicación, distribución, fabricación o copyright 1951.
300 ## - DESCRIPCIÓN FÍSICA
Extensión 215 páginas :
Dimensiones 19 cm.
336 ## - TIPO DE CONTENIDO
Término de tipo de contenido text
Fuente rdacontent
337 ## - TIPO DE MEDIO
Nombre/término del tipo de medio unmediated
Fuente rdamedia
338 ## - TIPO DE SOPORTE
Nombre/término del tipo de soporte volume
Fuente rdacarrier
505 0# - NOTA DE CONTENIDO CON FORMATO
Nota de contenido con formato ¿Es espiritual? -- Las dos fases del asunto-la divina y la humana -- Explicaciones concernientes a la vida de fe -- Cómo apropiarla y realizarla -- Dificultades concernientes a la consagración -- Dificultades concernientes a la fe -- Dificultades concernientes a la voluntad -- Dificultades en cuanto a la dirección divina -- Dificultades concernientes a las dudas -- Las tentaciones -- Fracasos -- ¿Está Dios en los acontecimientos de la vida? -- Servidumbre o libertad -- El crecimiento en la gracia -- El servicio cristiano -- Sus resultados prácticos en la vida diaria y en el trato -- El gozo de la obediencia -- Unión divina -- Las carrozas de Dios -- La vida de descanso como sobre alas.
526 ## - NOTA DE INFORMACIÓN SOBRE EL PROGRAMA DE ESTUDIO
Nombre del programa Segunda Especialidad En Profecías Bíblicas
526 ## - NOTA DE INFORMACIÓN SOBRE EL PROGRAMA DE ESTUDIO
Nombre del programa Segunda Especialidad En Nuevo Testamento
526 ## - NOTA DE INFORMACIÓN SOBRE EL PROGRAMA DE ESTUDIO
Nombre del programa Segunda Especialidad En Antiguo Testamento
526 ## - NOTA DE INFORMACIÓN SOBRE EL PROGRAMA DE ESTUDIO
Nombre del programa Segunda Especialidad En Estudios Adventistas
526 ## - NOTA DE INFORMACIÓN SOBRE EL PROGRAMA DE ESTUDIO
Nombre del programa Doctorado en teología
526 ## - NOTA DE INFORMACIÓN SOBRE EL PROGRAMA DE ESTUDIO
Nombre del programa Maestría en teología histórica
526 ## - NOTA DE INFORMACIÓN SOBRE EL PROGRAMA DE ESTUDIO
Nombre del programa Maestría en teología bíblica
526 ## - NOTA DE INFORMACIÓN SOBRE EL PROGRAMA DE ESTUDIO
Nombre del programa Maestría en teología
526 ## - NOTA DE INFORMACIÓN SOBRE EL PROGRAMA DE ESTUDIO
Nombre del programa Maestría en misionología
526 ## - NOTA DE INFORMACIÓN SOBRE EL PROGRAMA DE ESTUDIO
Nombre del programa Maestría en liderazgo eclesiástico
526 ## - NOTA DE INFORMACIÓN SOBRE EL PROGRAMA DE ESTUDIO
Nombre del programa Teología
596 ## -
-- 1
650 04 - PUNTO DE ACCESO ADICIONAL DE MATERIA--TÉRMINO DE MATERIA
Término de materia o nombre geográfico como elemento de entrada TEOLOGIA MORAL.
650 04 - PUNTO DE ACCESO ADICIONAL DE MATERIA--TÉRMINO DE MATERIA
Término de materia o nombre geográfico como elemento de entrada TEOLOGIA PASTORAL.
9 (RLIN) 1381
910 ## - DATOS DE OPCIÓN DEL USUARIO (OCLC)
Datos de opción del usuario jck
-- jvq
-- jck
-- 20150616
942 ## - ELEMENTOS DE ENTRADA SECUNDARIOS (KOHA)
Fuente del sistema de clasificación o colocación Clasificación Decimal Dewey
Tipo de ítem Koha
949 ## - PROCESAMIENTO DE INFORMACIÓN LOCAL (OCLC)
a 240 S61
w DEWEY
c 1
i 19749
l CCODEBUL1
m BUL
p 00.00
r 0
s Y
t BOOK
u 19770623
x TEOLOGIA
-- P35
0 COMPRA
o .STAFF. Colección General
949 ## - PROCESAMIENTO DE INFORMACIÓN LOCAL (OCLC)
a 240 S61
w DEWEY
c 2
i 05535
l CCODEBUL1
m BUL
p 00.00
r 0
s Y
t BOOK
u 19770623
x TEOLOGIA
-- P35
0 COMPRA
o .STAFF. Colección General
994 ## -
-- C0
-- PEPRU
999 ## - NÚMEROS DE CONTROL DE SISTEMA (KOHA)
-- DEWEY
-- 19749
-- 2021-11-10
-- 5
-- CCODEBUL1
-- BUL
-- 0
-- Y
-- BOOK
-- 2015-6-17
-- TEOLOGIA
-- P35
-- COMPRA
-- .STAFF. Colección General
999 ## - NÚMEROS DE CONTROL DE SISTEMA (KOHA)
-- DEWEY
-- 05535
-- 2021-11-10
-- 5
-- CCODEBUL1
-- BUL
-- 1
-- 0
-- Y
-- BOOK
-- 2015-6-17
-- TEOLOGIA
-- P35
-- COMPRA
-- .STAFF. Colección General
980 ## - EQUIVALENCIA O REFERENCIA-CRUZADA-MENCIÓN DE SERIE--NOMBRE DE PERSONA/TÍTULO [LOCAL, CANADÁ]
ID del último usuario que modificó el registro 1
Nombre del último usuario que modificó el registro ALBERTO SANCHEZ Responsable de Automatización
Existencias
Visto por última vez Número de inventario Total de préstamos Signatura topográfica completa Código de barras Copia número Fecha de reemplazo Facultad Tipo de ítem Koha Nota pública Estado de pérdida Fuente del sistema de clasificación o colocación Restricciones de uso No para préstamo Colección Programa académico Biblioteca de origen Biblioteca actual Ubicación en estantería Fecha de adquisición Fuente de adquisición
2025-12-03 6   240 S61 19749 e1 2015-06-17   Libros físicos inventario-2023-12-13 No Perdido Clasificación Decimal Dewey No restringido Disponible para préstamos Colección General Teología Biblioteca CRAI UPeU Lima Biblioteca CRAI UPeU Lima Sala principal 2015-06-17 COMPRA
2025-12-03 6   240 S61 05535 e2 2015-06-17   Libros físicos inventario-2023-12-13 No Perdido Clasificación Decimal Dewey No restringido Disponible para préstamos Colección General Teología Biblioteca CRAI UPeU Lima Biblioteca CRAI UPeU Lima Sala principal 2015-06-17 COMPRA